000 01447cam a22003857a 4500
003 CHAP
005 20220329141834.0
008 971101d1997 mx a r 00110 spa d
010 _a74611
011 _a75583
035 _a85149
040 _cCHAP
090 _aTesis
100 0 0 _aReyes Terrazas, Verónica.
_996998
245 1 0 _aProducción de semilla de mucuna (Mucuna deeringiana) en dos sistemas de manejo en el poblado El Modelo, Matías Romero, Oaxaca, México
_c/por Verónica Reyes Terrazas y Cristina Sánchez Callejas
260 _aChapingo, Méx. :
_bEl autor,
_c1997.
300 _a100 h. :
_bilus.
502 _aTesis (Ing. en Agroecología) -- UACH. Programa en Agroecología
590 _aALEPH
_b10
_c20130110
_lUCH01
_h1420
590 _aBATCH-UPD
_b10
_c20130110
_lUCH01
_h0629
590 _aBATCH-UPD
_b10
_c20130110
_lUCH01
_h2315
590 _aBATCH-UPD
_b10
_c20130410
_lUCH01
_h0313
590 _aBATCH-UPD
_b10
_c20130410
_lUCH01
_h1630
590 _aBATCH-UPD
_b10
_c20130914
_lUCH01
_h1133
590 _aCONVERSION
_b10
_c20130109
_lUCH01
_h1341
650 1 4 _aCultivos de cobertura.
_930371
650 1 4 _aMucuna deeringiana.
_979258
650 1 4 _aSemillas
_xRendimiento.
_9103930
700 0 _aSánchez Callejas, Cristina.
_9107389
901 _aBK
905 _aAlejandra Carrasco M.
942 _cFOLL
949 _bBC
_cTES
_d33724000637708
_eTS2
_fc.2
_h31601
_i85149
_si
949 _bBC
_cTES
_d851491
_eTS1
_h31600
_i85149
_sb
999 _c74611
_d74611